Movies Quiz

Random Movies or Actor Quiz

Top Rated Movies by Actor II Quiz Stats

 Plays Quiz not verified by Sporcle

Challenge
Share
Tweet
Embed
Score 0/105 Timer 12:00
0 Plays Today
% Correct
The Silence of the Lambs
95.4%
The Godfather
77.8%
One Flew Over the Cuckoo's Nest
77.2%
Gran Torino
76.8%
Rain Man
76.8%
Gladiator
75.5%
Million Dollar Baby
74.7%
The Good, the Bad, and the Ugly
73%
Brokeback Mountain
72.8%
Donnie Darko
72.2%
Beverly Hills Cop
71.1%
Jurassic Park
70.9%
Braveheart
70.9%
American Beauty
70.7%
The Shining
69.9%
The Graduate
68.6%
Spider-Man 2
67.8%
Unforgiven
67.4%
Dances with Wolves
65.9%
The Usual Suspects
65.3%
As Good as It Gets
64%
The Departed
62.8%
Star Wars Episode III: Revenge of the Sith
60.7%
A Beautiful Mind/American Gangster/3:10 to Yuma
59.8%
The Butterfly Effect
58.8%
Field of Dreams
57.9%
Children of Men
57.5%
Shrek
56.9%
The Fly
56.9%
On the Waterfront
56.7%
Shrek 2
54.6%
A Streetcar Named Desire
54.2%
Lethal Weapon
54.2%
Snatch.
51%
Wall Street/The China Syndrome
50.6%
% Correct
Trainspotting
50.2%
Se7en
48.7%
Chinatown
47.9%
Crank
47.7%
Apocalypse Now
46.9%
Moulin Rouge!
44.4%
L.A. Confidential
44.4%
L.A. Confidential
44.4%
Lock, Stock and Two Smoking Barrels
43.9%
Zombieland
43.9%
Dr. Strangelove or: How I Learned to Stop Worrying and Love the Bomb
43.3%
Requiem for a Dream
41.4%
For a Few Dollars More
38.5%
The Road Warrior
38.1%
Trading Places
37%
Fight Club
36.2%
Closer
34.1%
Midnight Cowboy
33.7%
The Ice Storm
32.4%
The Untouchables
30.8%
The Italian Job
30.3%
The Insider
29.9%
Sin City
29.5%
Brothers
29.3%
Traffic
28%
The Elephant Man
27.2%
JFK
27.2%
The Game
27%
Cinderella Man
27%
No Country for Old Men
26.4%
Zodiac
26.2%
All the President's Men
25.7%
Big Fish
24.7%
Inside Man
23.8%
The Bank Job
22.2%
% Correct
Pleasantville
22%
The Messenger
21.5%
The Remains of the Day
21.3%
Being There
18.6%
Wonder Boys
18.4%
Wonder Boys
18.4%
Silverado/Igby Goes Down/The Big Chill/California Split
17.2%
The Bourne Identity
16.9%
October Sky
16.7%
Mr. Brooks/Open Range
15.9%
Falling Down
15.9%
Lord of War
15.3%
Moon
14.9%
American Psycho
14%
A Shot in the Dark
13.8%
The Lion in Winter
13.4%
The Guardian
13.2%
Gallipoli
12.8%
Viva Zapata!
12.1%
Mulan
11.3%
Black Hawk Down
11.3%
Lolita
11.1%
The World's Fastest Indian
10.5%
Papillon
9.6%
The Thin Red Line
8.8%
The Thin Red Line
8.8%
Fear and Loathing in Las Vegas
8.4%
Chicken Run
7.9%
The Life Aquatic with Steve Zissou
7.7%
Invasion of the Body Snatchers
7.1%
Bobby
5.9%
The Ladykillers
4.8%
Seven Pounds
4.8%
A Lot Like Love
3.3%
Personal Effects
1.9%

You're not logged in!

Compare scores with friends on all Sporcle quizzes.
OR
Log In

You Might Also Like...

Show Comments

Extras

Top Quizzes Today


Score Distribution

Your Account Isn't Verified!

In order to create a playlist on Sporcle, you need to verify the email address you used during registration. Go to your Sporcle Settings to finish the process.

Report this User

Report this user for behavior that violates our Community Guidelines.

Details: